| 000 | 00754nam a22002177a 4500 | ||
|---|---|---|---|
| 003 | UA-OsUOA | ||
| 001 | 43842 | ||
| 007 | ta | ||
| 008 | 20091111b un ||||| |||| 00| 0 ukr d | ||
| 090 |
_a050 _bП37 |
||
| 942 | _cMG | ||
| 040 |
_aUA-OsUOA _bukr _cUA-OsUOA _dUA-OsUOA |
||
| 245 |
_aПластовий шлях _b1968: Ч.3-4(18-19); 1971: Ч.1(28); 1972: Ч.2(33); 1973: Ч.1(36), Ч.2(37); 1985: Ч.3(74) |
||
| 955 | _a4 | ||
| 041 | _aukr | ||
| 080 | _a050 | ||
| 260 | _aТоронто | ||
| 246 | 3 | 1 | _aОрган пластової думки |
| 650 | 7 |
_a050 Серійні публікації. Періодика галузі, Організація та інші типи поєднання (співробітництва) _2UDC |
|
| 999 |
_c423694 _d423694 |
||